| 000 | 00354nam a22001577a 4500 | ||
|---|---|---|---|
| 999 |
_c10652 _d10652 |
||
| 003 | OSt | ||
| 008 | 210520b ||||| |||| 00| 0 eng d | ||
| 020 | _a9780751527377 | ||
| 100 | _aALBOM,Mitch | ||
| 245 | _aTuesdays with Morrie | ||
| 250 | _aRep | ||
| 260 |
_aNew Delhi _bSphere _c2017 |
||
| 300 | _a201 | ||
| 650 | _aApplied Sc | ||
| 942 |
_2ddc _cBK _025 |
||